00687 2200193 4500001002100000005001700021008004100038035002400079082001100103090001700114100002900131245011000160260006300270300004100333500005000374504002800424650002300452990001800475YOGYA-0113000000063520130109144225.0 ind  0010-011300000000635 a384.55 a384.55 Ben S aBENEDEKTUS HELY PURWANTO aSistem operasional penyiaran televisi di TVRI Stasiun Yogyakarta/cdisusun oleh Benediktus Hely Purwanto. aYogyakarta :bInstitut Sains & Teknologi "Akprind",c1997. ax, 70(5) lbr. :bilus., lamp. 30 cm. aSkripsi Institut Sains & Teknologi "Akprind". aBibliografi : (lbr. 72) aTelevisi-penyiaran a42130-PD/A.12